|
|
|
|
| LEADER |
00000nam0a2200000 4500 |
| 001 |
375676 |
| 005 |
20231102012745.0 |
| 010 |
|
|
|b 7500 экз.
|
| 035 |
|
|
|a (RuTPU)RU\TPU\retro\33115
|
| 035 |
|
|
|a RU\TPU\book\311153
|
| 090 |
|
|
|a 375676
|
| 100 |
|
|
|a 20221220d1950 m y0rusy50 ca
|
| 101 |
0 |
|
|a rus
|
| 102 |
|
|
|a RU
|
| 105 |
|
|
|a a z 001zy
|
| 200 |
1 |
|
|a Трубопроводная арматура теплосиловых установок
|f Б. И. Динабург, Г. И. Шохор
|
| 210 |
|
|
|a Ленинград
|a Москва
|c Государственное энергетическое изд-во
|d 1950
|
| 215 |
|
|
|a 232 с.
|c ил.
|
| 316 |
|
|
|5 63413507: М-133508
|a На титульном листе и обложке владельческая подпись: "Бутаков"
|
| 317 |
|
|
|5 63413507: М-133508
|a Поступила в НТБ в 1970 г. в составе книжного собрания профессора ТПИ И. Н. Бутакова
|
| 320 |
|
|
|a Приложения: с. 188-232
|
| 606 |
1 |
|
|a Арматуростроение
|x Теплотехника
|2 stltpush
|3 (RuTPU)RU\TPU\subj\29404
|9 52749
|
| 610 |
1 |
|
|a паросиловые установки
|
| 610 |
1 |
|
|a конструкция
|
| 610 |
1 |
|
|a монтаж
|
| 610 |
1 |
|
|a эксплуатация
|
| 610 |
1 |
|
|a трубопроводная арматура
|
| 610 |
1 |
|
|a владельческая надпись
|
| 610 |
1 |
|
|a библиотека И. Н. Бутакова
|
| 675 |
|
|
|a 621.183
|v 3
|
| 700 |
|
1 |
|a Динабург
|b Б. И.
|
| 701 |
|
1 |
|a Шохор
|b Г. И.
|
| 801 |
|
1 |
|a RU
|b 63413507
|c 20150310
|
| 801 |
|
2 |
|a RU
|b 63413507
|c 20221220
|g RCR
|
| 942 |
|
|
|c BK
|